[Event "France Jeunes Belfort 2017"]
[Site "Belfort"]
[Date "2017.04.23"]
[Round "9.1"]
[White "Cornileau, Juliette"]
[Black "Nguyen, Thao Nhi"]
[Result "1-0"]
[WhiteElo "1482"]
[BlackElo "1691"]
[PlyCount "173"]
[EventDate "2017.??.??"]
[TimeControl "6000+1035"]
[WhiteClock "0:01:23"]
[BlackClock "0:10:12"]

1. e4 Nf6 2. Nc3 d5 3. exd5 Nxd5 4. Bc4 Nb6 5. Bb3 Bf5 6. Nf3 e6 7. O-O Be7 8.
d3 O-O 9. Bf4 c6 10. Re1 N8d7 11. Qd2 Nc5 12. Rad1 Nxb3 13. axb3 Bg4 14. Qe3
Bf6 15. d4 Qe7 16. Ne4 Nd5 17. Qc1 Bxf3 18. gxf3 Rfd8 19. Nxf6+ Qxf6 20. Bg5
Qxf3 21. Rd3 Qf5 22. Bxd8 Rxd8 23. Rg3 f6 24. c3 Kf7 25. Qb1 Qh5 26. Qe4 Re8
27. Qg4 Qh6 28. Rh3 Qd2 29. Ra1 a6 30. Rxh7 Rg8 31. Rd1 Qc2 32. Qh5+ Kf8 33.
Re1 Nf4 34. Qh4 Qg6+ 35. Qg3 Qxh7 36. Qxf4 Qg6+ 37. Kh1 Qe8 38. Qd6+ Kf7 39. c4
Qc8 40. Qc5 Qd7 41. Qh5+ g6 42. Qh7+ Rg7 43. Qh4 Qd6 44. Re3 b5 45. Rf3 Qd8 46.
Qe4 Qd7 47. Qh4 f5 48. Rd3 Qd6 49. Qg3 Qd8 50. Qf3 Qc8 51. Qh3 Kg8 52. Qg3 Qe8
53. Rd1 Qd7 54. Rd3 Kf7 55. Qh3 Qd8 56. Rd1 g5 57. Qf3 Qc8 58. Qh5+ Kf6 59. Rd3
g4 60. Qh4+ Kg6 61. Qg3 Rh7 62. Qf4 Qd7 63. Kg1 Rh8 64. Qe5 Rc8 65. Rg3 Rd8 66.
Rd3 Qd6 67. Qxd6 Rxd6 68. Kf1 e5 69. d5 c5 70. Rd1 f4 71. Ra1 bxc4 72. bxc4 Kf5
73. Ra5 Rb6 74. Rxc5 Rxb2 75. Rc8 f3 76. Ke1 Ke4 77. Kd1 Rxf2 78. d6 Rxh2 79.
d7 f2 80. Rf8 f1=Q+ 81. Rxf1 Rh8 82. Kc2 Rd8 83. Rd1 g3 84. c5 g2 85. c6 Rf8
86. Rg1 Kf3 87. c7 1-0

[Event "France Jeunes Belfort 2017"]
[Site "Belfort"]
[Date "2017.04.23"]
[Round "9.1"]
[White "Flick, Antoine"]
[Black "Philippe, Guillaume"]
[Result "1/2-1/2"]
[WhiteElo "2327"]
[BlackElo "2307"]
[PlyCount "130"]
[EventDate "2017.??.??"]
[TimeControl "6000+1355"]
[WhiteClock "0:02:37"]
[BlackClock "0:05:11"]

1. d4 Nf6 2. Nf3 e6 3. c4 b6 4. g3 Ba6 5. Qa4 Bb7 6. Bg2 c5 7. dxc5 bxc5 8. O-O
Be7 9. Nc3 O-O 10. Rd1 d6 11. Bf4 Qb6 12. Rab1 Rd8 13. a3 Bc6 14. Qc2 Qa6 15.
b4 cxb4 16. axb4 Qxc4 17. Rd4 Qa6 18. b5 Qc8 19. bxc6 Nxc6 20. Rdd1 d5 21. Rdc1
Ba3 22. Rd1 Be7 23. Qa4 Nd7 24. Nb5 Nc5 25. Qc2 Qd7 26. Ne5 Nxe5 27. Bxe5 Rac8
28. Ba1 a6 29. Nd4 Bf6 30. Qd2 Qa4 31. Bb2 e5 32. Nf3 d4 33. Bh3 Rb8 34. Qc1
Rb5 35. e3 Rdb8 36. exd4 exd4 37. Qf4 h6 38. Ra1 Qc2 39. Bxd4 Nb3 40. Bxf6 Nxa1
41. Rxa1 gxf6 42. Qxf6 Rb1+ 43. Rxb1 Rxb1+ 44. Bf1 Qd3 45. Nd2 Qxd2 46. Qxa6
Rb2 47. Qf6 Rb1 48. Qa6 Rb2 49. Qc8+ Kg7 50. Qg4+ Qg5 51. Qd4+ Qf6 52. Qe3 Rb1
53. Qe2 Rb2 54. Qe3 Rb1 55. Qe4 Rb2 56. Qg4+ Qg5 57. Qc4 Qf6 58. Qc5 Qg5 59.
Qa7 Qe5 60. h4 Rb1 61. Qa6 Re1 62. Qd3 Qe4 63. Qc3+ Qe5 64. Qc4 Qe4 65. Qc3+
Qe5 1/2-1/2

[Event "France Jeunes Belfort 2017"]
[Site "Belfort"]
[Date "2017.04.23"]
[Round "9.1"]
[White "Gospodaru, Teodora"]
[Black "Rubsamen, Anais"]
[Result "1-0"]
[WhiteElo "1827"]
[BlackElo "1610"]
[PlyCount "67"]
[EventDate "2017.??.??"]
[TimeControl "6000+875"]
[WhiteClock "0:10:52"]
[BlackClock "0:03:51"]

1. d4 f5 2. Nf3 Nf6 3. c4 e6 4. e3 Be7 5. Nbd2 O-O 6. Bd3 d6 7. O-O Qe8 8. e4
Nc6 9. a3 Qh5 10. d5 fxe4 11. Nxe4 Nxe4 12. Bxe4 Nd8 13. Be3 e5 14. b4 Qg4 15.
Nd2 Qh4 16. Qc2 Qh5 17. c5 Bf5 18. Bxf5 Rxf5 19. Ne4 Qf7 20. Rfd1 Qf8 21. Rac1
Nf7 22. cxd6 Nxd6 23. Ng3 Rf7 24. Qxc7 Bg5 25. Qc3 Rc8 26. Qxe5 Bf6 27. Rxc8
Nxc8 28. Qe6 Bb2 29. Bc5 Ne7 30. Nf5 Bf6 31. Re1 Kh8 32. Nxe7 Bxe7 33. Bxe7 Qg8
34. d6 1-0

[Event "France Jeunes Belfort 2017"]
[Site "Belfort"]
[Date "2017.04.22"]
[Round "9.1"]
[White "Haussernot, Cécile"]
[Black "Bureau-Leroyer, Lola"]
[Result "1-0"]
[WhiteElo "2107"]
[BlackElo "1635"]
[PlyCount "75"]
[EventDate "2017.??.??"]
[TimeControl "6000+1850"]
[WhiteClock "0:03:58"]
[BlackClock "0:03:35"]

1. e4 d5 2. exd5 Qxd5 3. Nc3 Qa5 4. d4 Nf6 5. Bc4 Bf5 6. Nf3 e6 7. Bd2 Bb4 8.
a3 Bxc3 9. Bxc3 Qb6 10. Ne5 Nc6 11. O-O O-O 12. a4 a5 13. Bb5 Ne7 14. g4 c6 15.
Be2 Bg6 16. h4 Qc7 17. h5 Be4 18. f3 Bd5 19. Be1 c5 20. c4 cxd4 21. Bg3 Nc6 22.
cxd5 Nxe5 23. Qxd4 Nfd7 24. d6 Qc2 25. Bxe5 Qxe2 26. Rae1 Qa6 27. Bxg7 Rfd8 28.
Bf6 Nxf6 29. Qxf6 Qxd6 30. Re5 Kf8 31. g5 Qd4+ 32. Rf2 Qh4 33. Kg2 Qxh5 34.
Rxe6 Kg8 35. Re1 Rd5 36. Re5 Rad8 37. Rfe2 Rxe5 38. Qxd8+ 1-0

[Event "France Jeunes Belfort 2017"]
[Site "Belfort"]
[Date "2017.04.23"]
[Round "9.1"]
[White "Popov, Konstantin"]
[Black "Candelot, Clement"]
[Result "1/2-1/2"]
[WhiteElo "2026"]
[BlackElo "1839"]
[PlyCount "176"]
[EventDate "2017.??.??"]
[TimeControl "6000+755"]
[WhiteClock "0:00:35"]
[BlackClock "0:19:23"]

1. e4 e5 2. Nf3 Nc6 3. Bb5 a6 4. Ba4 Nf6 5. O-O b5 6. Bb3 Bc5 7. d3 h6 8. a4
Rb8 9. axb5 axb5 10. c3 d6 11. Nbd2 O-O 12. h3 Re8 13. Re1 Bb7 14. Nf1 d5 15.
exd5 Nxd5 16. d4 Bb6 17. dxe5 Na5 18. Bc2 Ne7 19. Nd4 Bxd4 20. Rxa5 Qd5 21. Qg4
h5 22. Qe4 Qxe4 23. Bxe4 Bxe4 24. Rxe4 Bb6 25. Ra1 Ng6 26. e6 Rxe6 27. Rxe6
fxe6 28. Be3 Bxe3 29. Nxe3 Rb7 30. Nc2 Nf4 31. Nd4 c5 32. Ra8+ Kh7 33. Nf3 Kg6
34. Rc8 Nd3 35. Rc6 Kf6 36. h4 b4 37. Ng5 Nxb2 38. Nxe6 Ke5 39. Nxc5 Rb5 40.
cxb4 Rxb4 41. Nd7+ Kf5 42. Rc5+ Ke6 43. Nf8+ Ke7 44. Rf5 Rb6 45. Nh7 g6 46. Rc5
Nd3 47. Rc7+ Ke6 48. Ng5+ Kf5 49. g3 Rb2 50. Rf7+ Ke5 51. f4+ Kd4 52. Rd7+ Ke3
53. Re7+ Kd4 54. Nf3+ Kd5 55. Ne5 Rb1+ 56. Kg2 Rb2+ 57. Kf1 Nc5 58. Nxg6 Ne4
59. Rd7+ Ke6 60. Rd3 Kf5 61. Ne5 Rb1+ 62. Kg2 Rb2+ 63. Kf3 Rh2 64. Nf7 Nf6 65.
Nh6+ Kg6 66. Rd6 Kg7 67. Nf5+ Kg6 68. Ne3 Kf7 69. Rc6 Ra2 70. Rc7+ Ke6 71. f5+
Kd6 72. Rf7 Ke5 73. Re7+ Kd4 74. Re6 Ra3 75. Rxf6 Rxe3+ 76. Kg2 Re5 77. Kh3 Ke4
78. g4 Kf3 79. gxh5 Re1 80. Kh2 Re4 81. Rh6 Rxh4+ 82. Kg1 Rf4 83. Rh8 Rxf5 84.
h6 Rf7 85. h7 Kf4 86. Kg2 Kf5 87. Kg3 Kf6 88. Kg4 Kg7 1/2-1/2

[Event "France Jeunes Belfort 2017"]
[Site "Belfort"]
[Date "2017.04.23"]
[Round "9.1"]
[White "Retailleau, Elise"]
[Black "Aubert, Laurane"]
[Result "1-0"]
[WhiteElo "1946"]
[BlackElo "1998"]
[PlyCount "133"]
[EventDate "2017.??.??"]
[TimeControl "6000+1105"]
[WhiteClock "0:03:09"]
[BlackClock "0:03:38"]

1. e4 c5 2. Nf3 e6 3. d4 cxd4 4. Nxd4 Nf6 5. Bd3 Nc6 6. Nxc6 bxc6 7. O-O d5 8.
Nc3 Be7 9. e5 Nd7 10. Qg4 Nxe5 11. Qxg7 Bf6 12. Qh6 Nxd3 13. cxd3 Ba6 14. Rd1
Qe7 15. d4 O-O-O 16. Na4 Rdg8 17. Qe3 Rg6 18. Nc5 Bb7 19. Qc3 Rhg8 20. g3 Rg4
21. b4 Qc7 22. Kh1 e5 23. Qf3 Qe7 24. Qf5+ Kc7 25. Rb1 Bc8 26. Qf3 Rxd4 27.
Rxd4 exd4 28. Bf4+ Kd8 29. Nd3 Bg4 30. Qg2 Qe4 31. Qxe4 dxe4 32. Nc5 Bf3+ 33.
Kg1 Be7 34. Nb3 Bf6 35. Nd2 Re8 36. Nxf3 exf3 37. Kf1 Re2 38. a3 d3 39. Rd1 Bd4
40. Rxd3 Rxf2+ 41. Ke1 Re2+ 42. Kd1 Re4 43. Rxf3 Ke7 44. Kd2 Re6 45. a4 c5 46.
b5 a6 47. Rb3 axb5 48. Rxb5 Ra6 49. a5 Kd7 50. Rb7+ Ke6 51. Rb6+ Rxb6 52. axb6
c4 53. b7 Ba7 54. b8=Q Bxb8 55. Bxb8 Kf5 56. Kc3 Kg4 57. h4 Kf3 58. Kxc4 Ke4
59. Bf4 Kf5 60. Kd5 Kf6 61. Kd6 Kf5 62. Ke7 Kg6 63. Be5 h6 64. Bb2 h5 65. Bc3
Kf5 66. Kxf7 Kg4 67. Be5 1-0

[Event "France Jeunes Belfort 2017"]
[Site "Belfort"]
[Date "2017.04.23"]
[Round "9.1"]
[White "Salvador, Lucie"]
[Black "Rollot, Florence"]
[Result "0-1"]
[WhiteElo "1823"]
[BlackElo "1973"]
[PlyCount "84"]
[EventDate "2017.??.??"]
[TimeControl "6000+1510"]
[WhiteClock "0:00:31"]
[BlackClock "0:01:22"]

1. d4 Nf6 2. Nf3 c5 3. g3 cxd4 4. Nxd4 g6 5. Bg2 Bg7 6. O-O O-O 7. c4 Nc6 8. e3
Qb6 9. Nc3 a6 10. b3 d6 11. Bb2 Bg4 12. Qd2 Rac8 13. Nxc6 bxc6 14. e4 Qa5 15.
h3 Bd7 16. Rad1 Qh5 17. Qe2 Qa5 18. f4 Nh5 19. Rd3 Be6 20. Rc1 Bh6 21. Qf2 f5
22. Ba1 Nf6 23. e5 dxe5 24. Re1 e4 25. Rdd1 Bg7 26. Qc2 Rfd8 27. Rc1 Rd7 28.
Na4 Rcd8 29. Bc3 Qc7 30. Nc5 Qb6 31. b4 Bf7 32. Kh2 Rd6 33. Nxe4 Nxe4 34. Bxe4
Bxc3 35. Qxc3 Rd2+ 36. Bg2 Qf2 37. Rg1 R8d3 38. Qe5 Qxg3+ 39. Kh1 Re3 40. Qb8+
Kg7 41. Qb6 Qxf4 42. Qxc6 Rxh3+ 0-1

[Event "France Jeunes Belfort 2017"]
[Site "Belfort"]
[Date "2017.04.23"]
[Round "9.1"]
[White "Tomasi, Albert"]
[Black "Harutyunyan, Ruben"]
[Result "0-1"]
[WhiteElo "2176"]
[BlackElo "2218"]
[PlyCount "85"]
[EventDate "2017.??.??"]
[TimeControl "6000+1000"]
[WhiteClock "0:00:37"]
[BlackClock "0:02:29"]

1. e4 e6 2. d4 d5 3. Nc3 Nf6 4. Bg5 dxe4 5. Nxe4 Nbd7 6. Nxf6+ Nxf6 7. Nf3 Be7
8. Bd3 h6 9. Bh4 c5 10. dxc5 Qa5+ 11. c3 Qxc5 12. Qe2 a6 13. O-O Nh5 14. b4 Qc7
15. Bb5+ axb5 16. Qxb5+ Bd7 17. Qxh5 Bxh4 18. Qxh4 Qxc3 19. Rac1 Qf6 20. Qe4
O-O 21. Qxb7 Rfd8 22. Rfd1 Qb2 23. Ne1 Ba4 24. Rxd8+ Rxd8 25. Rc8 Rxc8 26.
Qxc8+ Kh7 27. Qc4 Qa1 28. Kf1 Qe5 29. f4 Qb2 30. Nd3 Qd2 31. Ne5 Bc2 32. h3 f6
33. Qxe6 fxe5 34. Qxe5 Qxb4 35. Kf2 Bb1 36. g4 Qa3 37. Qe3 Qxe3+ 38. Kxe3 Bxa2
39. f5 Bb1 40. Kf4 g5+ 41. fxg6+ Kxg6 42. h4 Bc2 43. Kg3 0-1

[Event "France Jeunes Belfort 2017"]
[Site "Belfort"]
[Date "2017.04.23"]
[Round "9.2"]
[White "Bellahcene, Sofia"]
[Black "Amr-Tardif, Corail"]
[Result "1-0"]
[WhiteElo "1699"]
[BlackElo "1474"]
[PlyCount "87"]
[EventDate "2017.??.??"]
[TimeControl "6000+900"]
[WhiteClock "0:45:14"]
[BlackClock "0:03:50"]

1. e4 c5 2. Nf3 d6 3. d4 cxd4 4. Nxd4 Nf6 5. Nc3 g6 6. g3 Bg7 7. Bg2 O-O 8. h3
Nc6 9. Nde2 Bd7 10. O-O Rc8 11. Be3 b6 12. Qd2 Ne5 13. b3 Bc6 14. Bh6 Qc7 15.
Bxg7 Kxg7 16. Nd4 Rfd8 17. Nd5 Nxd5 18. exd5 Bb7 19. Rfe1 Re8 20. h4 Qc3 21.
Rad1 Qxd2 22. Rxd2 Rc5 23. c4 a6 24. Bh3 b5 25. f4 Nxc4 26. bxc4 bxc4 27. Bd7
Rd8 28. Rxe7 Kf8 29. Rde2 Rc7 30. Re8+ Rxe8 31. Rxe8+ Kg7 32. Bc6 Bxc6 33. dxc6
Kh6 34. Rd8 Re7 35. Kf2 c3 36. Rxd6 Re4 37. c7 c2 38. c8=Q f5 39. Qxc2 Re8 40.
Nxf5+ Kh5 41. Ng7+ Kg4 42. Nxe8 g5 43. Kg2 gxf4 44. Nf6# 1-0

[Event "France Jeunes Belfort 2017"]
[Site "Belfort"]
[Date "2017.04.23"]
[Round "9.2"]
[White "Cohen Revivo, Shoham"]
[Black "Degraeve, Remy"]
[Result "1-0"]
[WhiteElo "2221"]
[BlackElo "2126"]
[PlyCount "99"]
[EventDate "2017.??.??"]
[TimeControl "6000+905"]
[WhiteClock "0:30:08"]
[BlackClock "0:07:59"]

1. e4 d6 2. d4 Nf6 3. Nc3 g6 4. Bg5 Bg7 5. Qd2 Nbd7 6. O-O-O h6 7. Bh4 e5 8.
Nf3 exd4 9. Qxd4 O-O 10. Bc4 g5 11. Bg3 Ng4 12. Qd2 Nge5 13. Nxe5 Nxe5 14. Bb3
Ng6 15. Rhf1 Be6 16. Kb1 Bxb3 17. axb3 Be5 18. h4 Bxc3 19. bxc3 gxh4 20. Bf4
Nxf4 21. Qxf4 Qg5 22. Qf3 f5 23. e5 dxe5 24. Qxb7 Qe7 25. Qc6 Qf6 26. Qxc7 Rac8
27. Qb7 Rfd8 28. Rxd8+ Rxd8 29. Qxa7 Qc6 30. Qe7 Ra8 31. Rd1 Qa6 32. Rd8+ Rxd8
33. Qxd8+ Kg7 34. Qxh4 Qf1+ 35. Kb2 Qxg2 36. Qe7+ Kg6 37. Qe6+ Kh5 38. Qxf5+
Kh4 39. Qf6+ Kg4 40. Qxh6 Qxf2 41. Qg6+ Kh4 42. Qh6+ Kg3 43. Qg7+ Kh3 44. Qxe5
Qb6 45. Qd4 Qb7 46. c4 Qc6 47. c5 Qb7 48. c6 Qa8 49. c7 Kg2 50. Qd8 1-0

[Event "France Jeunes Belfort 2017"]
[Site "Belfort"]
[Date "2017.04.23"]
[Round "9.2"]
[White "Conti, Anne-Marie"]
[Black "Lomandong, Noela-Joyce"]
[Result "0-1"]
[WhiteElo "1712"]
[BlackElo "1987"]
[PlyCount "102"]
[EventDate "2017.??.??"]
[TimeControl "6000+795"]
[WhiteClock "0:01:29"]
[BlackClock "0:12:06"]

1. d4 d5 2. c4 c6 3. Nf3 Nf6 4. g3 e6 5. Bg2 Be7 6. O-O Nbd7 7. b3 O-O 8. Qc2
b6 9. Nc3 Ba6 10. cxd5 cxd5 11. a3 Rc8 12. Bb2 Ne4 13. Rfc1 Ndf6 14. h3 Nxc3
15. Bxc3 Ne4 16. Qb2 Nxc3 17. Rxc3 Qd6 18. Rxc8 Rxc8 19. b4 Qc6 20. e3 f6 21.
Ne1 Qc3 22. Qb1 Bc4 23. h4 Bd6 24. Bh3 Kf7 25. Qd1 Be2 26. Qb1 g6 27. Ra2 Bc4
28. Ra1 Qd2 29. h5 Qe2 30. hxg6+ hxg6 31. Qd1 Qxd1 32. Rxd1 Bb3 33. Rd3 Ba4 34.
Bf1 Rc1 35. Kg2 Rxe1 36. Rc3 Ra1 37. Bd3 f5 38. Be2 Ra2 39. Bd3 Ke7 40. Bb1 Rb2
41. Rc1 Rb3 42. g4 Rxa3 43. Rh1 Bb5 44. g5 Kf7 45. Rh7+ Kg8 46. Rh6 Kg7 47. Rh1
Bxb4 48. Bc2 Be7 49. Rb1 a6 50. Kf3 Rc3 51. Bd1 Bxg5 0-1

[Event "France Jeunes Belfort 2017"]
[Site "Belfort"]
[Date "2017.04.23"]
[Round "9.2"]
[White "De Talance, Berenice"]
[Black "Aubert, Estee"]
[Result "0-1"]
[WhiteElo "1757"]
[BlackElo "1741"]
[PlyCount "96"]
[EventDate "2017.??.??"]
[TimeControl "6000+1140"]
[WhiteClock "0:00:31"]
[BlackClock "0:02:28"]

1. c4 e5 2. g3 Nc6 3. Bg2 g6 4. Nc3 Bg7 5. e3 d6 6. Rb1 Bf5 7. d3 Qc8 8. b4
Nge7 9. b5 Nd8 10. Nge2 Bh3 11. O-O h5 12. f3 Bxg2 13. Kxg2 h4 14. g4 h3+ 15.
Kg1 Ne6 16. Bb2 Ng5 17. Ng3 f6 18. f4 Nf7 19. Qf3 Rh4 20. f5 g5 21. Nh5 Bh8 22.
Ne4 Ng8 23. Kh1 Nfh6 24. Rg1 Qd7 25. Bc3 Nxg4 26. Nhg3 N4h6 27. Be1 Nf7 28. Nh5
g4 29. Rxg4 Rxg4 30. Qxg4 Nfh6 31. Qg6+ Qf7 32. Nhxf6+ Bxf6 33. Nxf6+ Nxf6 34.
Qxh6 O-O-O 35. Qxh3 d5 36. Bh4 dxc4 37. Bxf6 Qxf6 38. dxc4 Rd2 39. Rg1 c6 40.
Rg6 Rd1+ 41. Kg2 Qd8 42. Qg3 Rd2+ 43. Kf3 e4+ 44. Kf4 Kc7 45. Kxe4+ Kb6 46. Kf3
Qd3 47. Qg1 Qxf5+ 48. Kg3 Qxg6+ 0-1

[Event "France Jeunes Belfort 2017"]
[Site "Belfort"]
[Date "2017.04.23"]
[Round "9.2"]
[White "Gatineau, Yovann"]
[Black "Bergougnoux, Axel"]
[Result "0-1"]
[WhiteElo "2214"]
[BlackElo "2194"]
[PlyCount "110"]
[EventDate "2017.??.??"]
[TimeControl "6000+1155"]
[WhiteClock "0:44:05"]
[BlackClock "0:23:44"]

1. d4 g6 2. Nf3 Bg7 3. c4 c5 4. Nc3 cxd4 5. Nxd4 Nc6 6. Nc2 Bxc3+ 7. bxc3 Qa5
8. Qd3 d6 9. e4 Nf6 10. Be2 Be6 11. f4 Nxe4 12. Qxe4 Bf5 13. Qf3 Bxc2 14. O-O
Rc8 15. Bd2 h5 16. Rae1 Bf5 17. h3 Qxa2 18. Be3 Qc2 19. Bd4 Nxd4 20. cxd4 Qb2
21. Qe3 Rc7 22. Rf2 Qb4 23. Ra1 a5 24. g4 hxg4 25. hxg4 Bc2 26. Bf1 Bb3 27. Rb1
a4 28. f5 gxf5 29. gxf5 b5 30. Qe4 Rg8+ 31. Kh2 Qa5 32. cxb5 d5 33. Qe5 Qb6 34.
f6 Bc4 35. Bh3 e6 36. Re1 Kd7 37. Qh5 Qd6+ 38. Re5 Rf8 39. Qf3 a3 40. b6 Rb7
41. Rc2 Rxb6 42. Qc3 Ra6 43. Rc1 Rb8 44. Qg3 a2 45. Qg7 Qf8 46. Qh7 Rbb6 47.
Ra1 Ra3 48. Rg5 Qd6+ 49. Re5 Qf8 50. Rg5 Rb2+ 51. Bg2 Bd3 52. Qh3 Be4 53. Qh5
Qd6+ 54. Kg1 Rb1+ 55. Bf1 Rg3+ 0-1

[Event "France Jeunes Belfort 2017"]
[Site "Belfort"]
[Date "2017.04.23"]
[Round "9.2"]
[White "Kambrath, Yannick"]
[Black "Lamard, Guillaume"]
[Result "0-1"]
[WhiteElo "2341"]
[BlackElo "2307"]
[PlyCount "88"]
[EventDate "2017.??.??"]
[TimeControl "6000+835"]
[WhiteClock "0:03:46"]
[BlackClock "0:24:06"]

1. Nf3 Nf6 2. c4 b6 3. g3 Bb7 4. Bg2 g6 5. b3 Bg7 6. Bb2 O-O 7. O-O c5 8. d4 d6
9. Nc3 Ne4 10. Qd3 Nxc3 11. Bxc3 cxd4 12. Nxd4 Bxg2 13. Kxg2 a6 14. Qf3 Ra7 15.
Rac1 Qc8 16. a4 Rc7 17. e4 b5 18. axb5 Bxd4 19. Bxd4 axb5 20. Rc2 Qe6 21. Rfc1
Rfc8 22. Qd3 Na6 23. Rc3 Nb4 24. Qe2 Na2 25. Qxa2 Qxe4+ 26. Kg1 Qxd4 27. Qe2 h5
28. h4 bxc4 29. bxc4 Qg4 30. Qd3 Rc5 31. Kg2 Qf5 32. Qe3 Qe5 33. Qd3 d5 34.
R3c2 Qc7 35. Qe3 Rxc4 36. Rxc4 dxc4 37. Rc3 Qc5 38. Qf4 e5 39. Qc1 Qd4 40. Qc2
Kg7 41. Kh2 Rc6 42. Kg2 Rc7 43. Kh2 f5 44. Qc1 Qxf2+ 0-1

[Event "France Jeunes Belfort 2017"]
[Site "Belfort"]
[Date "2017.04.23"]
[Round "9.2"]
[White "Meillon, Judicael"]
[Black "Papadiamandis, Elliot"]
[Result "0-1"]
[WhiteElo "1884"]
[BlackElo "1944"]
[PlyCount "81"]
[EventDate "2017.??.??"]
[TimeControl "6000+1180"]
[WhiteClock "0:11:57"]
[BlackClock "0:24:36"]

1. e4 c5 2. Nf3 d6 3. d4 cxd4 4. Nxd4 Nf6 5. Nc3 a6 6. g3 e6 7. Bg2 Qc7 8. O-O
Nc6 9. Bg5 Be7 10. Qd2 Ne5 11. b3 h6 12. Bf4 Ng6 13. Nde2 Nxf4 14. Nxf4 Bd7 15.
Nce2 Bc6 16. Qd3 O-O 17. c4 b6 18. Nd4 Bd7 19. Nfe2 Rad8 20. f4 Bc8 21. Rac1
Bb7 22. f5 exf5 23. Nxf5 Rfe8 24. Nc3 Ng4 25. Nd5 Bxd5 26. cxd5 Qa7 27. Qc3 b5+
28. Qd4 Qxd4+ 29. Nxd4 Bg5 30. Nc6 Bxc1 31. Rxc1 Rd7 32. h3 Nf6 33. Nb4 Nxe4
34. Re1 Nf6 35. Rxe8+ Nxe8 36. Nxa6 Ra7 37. Nb4 Nc7 38. Kf2 Na6 39. Nc6 Ra8 40.
b4 Nc7 41. Bf3 0-1

[Event "France Jeunes Belfort 2017"]
[Site "Belfort"]
[Date "2017.04.23"]
[Round "9.2"]
[White "Milroy, Melena"]
[Black "Afraoui, Anaelle"]
[Result "0-1"]
[WhiteElo "1610"]
[BlackElo "1977"]
[PlyCount "82"]
[EventDate "2017.??.??"]
[TimeControl "6000+590"]
[WhiteClock "0:06:20"]
[BlackClock "0:15:17"]

1. e4 c5 2. Nc3 a6 3. f4 b5 4. d3 e6 5. Nf3 Be7 6. Be2 d6 7. O-O Nf6 8. a4 b4
9. Nb1 O-O 10. Nbd2 Qc7 11. Qe1 Nc6 12. Nh4 Rb8 13. b3 Nd4 14. Bd1 Ne8 15. Ndf3
Qd8 16. g3 Nxf3+ 17. Nxf3 f5 18. e5 dxe5 19. fxe5 Bb7 20. Rb1 g5 21. Rf2 g4 22.
Bh6 Ng7 23. Nd2 Qd5 24. Kf1 Rf7 25. Qe3 Rd8 26. Qf4 Nh5 27. Qe3 Qh1+ 28. Ke2 f4
29. Bxf4 Nxf4+ 30. Rxf4 Qxh2+ 31. Rf2 Rxf2+ 32. Qxf2 Qh5 33. Nc4 Rf8 34. Qg1
Qf5 35. Ke1 Bg5 36. Be2 Bf3 37. Bf1 Bd5 38. Bg2 Bxc4 39. bxc4 Qxe5+ 40. Kd1
Qxg3 41. Ke2 Be3 0-1

[Event "France Jeunes Belfort 2017"]
[Site "Belfort"]
[Date "2017.04.23"]
[Round "9.2"]
[White "O'Sullivan, Thomas"]
[Black "Pigeat, Alexandre"]
[Result "1/2-1/2"]
[WhiteElo "2223"]
[BlackElo "2259"]
[PlyCount "164"]
[EventDate "2017.??.??"]
[TimeControl "6000+790"]
[WhiteClock "0:01:14"]
[BlackClock "0:07:57"]

1. d4 d5 2. c4 c6 3. Nc3 Nf6 4. Nf3 dxc4 5. a4 Bf5 6. Ne5 Nbd7 7. Nxc4 e6 8. f3
Bb4 9. Bf4 Nb6 10. e4 Bg6 11. Qb3 a5 12. Rd1 O-O 13. Be2 Nxc4 14. Qxc4 Qe7 15.
O-O Nd7 16. Na2 Bd6 17. Bxd6 Qxd6 18. Rd2 f5 19. Nc3 Kh8 20. Rfd1 fxe4 21. fxe4
Rae8 22. e5 Qe7 23. Bd3 Nb6 24. Qc5 Bxd3 25. Rxd3 Qxc5 26. dxc5 Nc4 27. Rd7 Rb8
28. Re7 Nxb2 29. Rdd7 Rg8 30. Rxe6 Rge8 31. Rxb7 Nd3 32. Rxb8 Rxb8 33. Rxc6 Kg8
34. e6 Kf8 35. h3 Nb4 36. Rc7 Re8 37. Rf7+ Kg8 38. Ra7 Nc6 39. Ra6 Rxe6 40. Nb5
h5 41. Na7 Nd4 42. c6 Re1+ 43. Kf2 Re2+ 44. Kf1 Rc2 45. Rxa5 g6 46. Rg5 Kf7 47.
a5 Nf5 48. h4 Kf6 49. a6 Nxh4 50. Rg3 Nf5 51. Ra3 Nd6 52. Rd3 Ne8 53. Rd8 Nc7
54. Rd6+ Kg5 55. Nc8 Nxa6 56. Ne7 Nb4 57. Rxg6+ Kf4 58. Re6 Rc5 59. Kg1 h4 60.
Kh2 Kg5 61. Rg6+ Kh5 62. Rg8 Rc2 63. Rc8 Kh6 64. c7 Kh7 65. Nf5 Nd5 66. Rd8
Nxc7 67. Rc8 Rc3 68. Nxh4 Nd5 69. Rd8 Nf6 70. Nf3 Kg6 71. Rd4 Kf5 72. Ra4 Ne4
73. Rb4 Ra3 74. Rd4 Rc3 75. Ra4 Rd3 76. Nh4+ Kf4 77. Nf3 Rd8 78. Ra3 Rh8+ 79.
Kg1 Ng3 80. Kf2 Ne4+ 81. Kg1 Ng3 82. Kf2 Ne4+ 1/2-1/2

[Event "France Jeunes Belfort 2017"]
[Site "Belfort"]
[Date "2017.04.22"]
[Round "9.2"]
[White "Saliou, Sarah"]
[Black "Parlas, Helin"]
[Result "1/2-1/2"]
[WhiteElo "1684"]
[BlackElo "1606"]
[PlyCount "77"]
[EventDate "2017.??.??"]
[TimeControl "6000+875"]
[WhiteClock "0:00:44"]
[BlackClock "0:34:05"]

1. c4 e5 2. g3 Nc6 3. Bg2 f5 4. Nc3 Nf6 5. e3 g6 6. Nge2 Bg7 7. d4 exd4 8. exd4
O-O 9. O-O d6 10. Nd5 Ne7 11. Nxf6+ Bxf6 12. Nf4 c6 13. d5 g5 14. Nh5 h6 15.
Nxf6+ Rxf6 16. b3 Kh7 17. Bb2 Rg6 18. Re1 Bd7 19. Qd4 Qf8 20. Re2 f4 21. Be4
Nf5 22. Bxf5 Bxf5 23. Rae1 h5 24. Re7+ Kh6 25. Qd2 Bg4 26. Rxb7 Re8 27. Rxe8
Qxe8 28. gxf4 Qe4 29. Bc1 Rg7 30. fxg5+ Kg6 31. Rxg7+ Kxg7 32. Qe3 Qc2 33. Qe7+
Kg8 34. Qe8+ Kg7 35. Qe7+ Kg8 36. Qe8+ Kg7 37. Qe1 cxd5 38. cxd5 Qd3 39. Bb2+
1/2-1/2

[Event "France Jeunes Belfort 2017"]
[Site "Belfort"]
[Date "2017.04.23"]
[Round "9.3"]
[White "Atli, Celine"]
[Black "Sumarriva Paulin, Laura"]
[Result "0-1"]
[WhiteElo "1271"]
[BlackElo "1521"]
[PlyCount "102"]
[EventDate "2017.??.??"]
[TimeControl "6000+1040"]
[WhiteClock "0:03:18"]
[BlackClock "0:05:26"]

1. d4 d5 2. Bg5 Nf6 3. Bxf6 exf6 4. e3 c6 5. Bd3 g6 6. f4 f5 7. Nf3 Nd7 8. O-O
Bg7 9. c3 O-O 10. Re1 Re8 11. Nbd2 c5 12. Nf1 c4 13. Bc2 Rb8 14. Ng5 b5 15. a3
a5 16. Ng3 Nf6 17. Nf3 Ng4 18. Ne5 Nxe5 19. fxe5 f6 20. exf6 Bxf6 21. Qf3 Bg5
22. b3 Rb6 23. b4 Rbe6 24. Nf1 Bb7 25. Kh1 f4 26. g3 fxe3 27. Re2 a4 28. Rae1
Qe7 29. h4 Bh6 30. Kh2 Rf8 31. Qg2 Rf2 32. Rxf2 exf2 33. Rxe6 Qxe6 34. Qxf2 Bc1
35. Bb1 Bc8 36. Kg1 Bxa3 37. Qc2 Qe1 38. Ba2 Bh3 39. Qf2 Qxf2+ 40. Kxf2 Bxf1
41. Kxf1 Bb2 42. Ke2 Bxc3 43. g4 Bxd4 44. Kd2 Bf2 45. Kc3 Kf7 46. h5 gxh5 47.
gxh5 d4+ 48. Kc2 Be1 49. Bxc4+ bxc4 50. b5 Ke7 51. b6 Kd7 0-1

[Event "France Jeunes Belfort 2017"]
[Site "Belfort"]
[Date "2017.04.23"]
[Round "9.3"]
[White "Boulart, Emilie"]
[Black "Donias, Orlane"]
[Result "1/2-1/2"]
[WhiteElo "1636"]
[BlackElo "1729"]
[PlyCount "89"]
[EventDate "2017.??.??"]
[TimeControl "6000+1555"]
[WhiteClock "0:02:52"]
[BlackClock "0:22:18"]

1. e4 e5 2. Nf3 Nc6 3. d4 exd4 4. Nxd4 Bc5 5. Be3 Qf6 6. c3 Bb6 7. g3 Nge7 8.
Bg2 Nxd4 9. cxd4 d6 10. O-O Nc6 11. Nc3 Qd8 12. Rc1 O-O 13. f4 Rb8 14. f5 f6
15. Nd5 Bd7 16. Rf4 Ne7 17. Nxb6 axb6 18. Rg4 Kh8 19. h4 d5 20. h5 dxe4 21.
Bxe4 Bxf5 22. Bxf5 Nxf5 23. Bf4 Rc8 24. Bd2 Nxd4 25. Bb4 c5 26. Bc3 Nf5 27. Qf3
Nh6 28. Re4 Qd5 29. Rd1 Qc6 30. Qd3 Qc7 31. Rde1 Nf5 32. g4 Rcd8 33. Qf3 Nd4
34. Qf2 Qc6 35. Bxd4 cxd4 36. Rxd4 Rxd4 37. Qxd4 Qc5 38. Qxc5 bxc5 39. Re7 Rb8
40. Rc7 b6 41. Rc6 Kg8 42. Kf2 Rb7 43. Ke3 Kf7 44. Kd3 Rd7+ 45. Ke4 1/2-1/2